000 00489nam a2200193 a 4500
001 1770713644573
003 YourLibrary
005 20260210142832.0
008 260210s2011##################000#0#eng##
020 _a9781597495707
082 0 4 _a333.7932FLI
100 1 _aFlick, Tony,
_eauthor.
245 1 0 _aSecuring the Smart Grid :
260 _bSyngress Press,
_c2011.
300 _a290 pages
650 0 _aComputers.
942 _cENGLISH
040 _aYourLibrary
_beng
_cYourLibrary
999 _c611391
_d611391